000 00444nam a2200181Ia 4500
003 OSt
005 20260216150046.0
008 250729s2017 xx 000 0 und d
040 _cAL
041 _aeng
082 _a370.25 PAUE
100 _aDr.S.Paul
_9233087
245 _aEffective methods of teaching social studies
260 _aNew Delhi
_bA P D Publisher
_c2017
300 _a227p
650 _aHistory
_9233088
942 _2ddc
_cBED
999 _c240106
_d240106